[Event "GER-chT U16"]
[Site "Aurich"]
[Date "2018.12.27"]
[Round "2.2"]
[White "Roth, Jakob"]
[Black "Bruestle, William"]
[Result "1-0"]
[WhiteElo "1883"]
[BlackElo "1416"]
[PlyCount "51"]
[EventDate "2018.12.27"]
[EventType "team-swiss"]
[EventRounds "7"]
[EventCountry "GER"]
[SourceTitle "CBM 188 Extra"]
[Source "ChessBase"]
[SourceDate "2019.02.26"]
[SourceVersion "1"]
[SourceVersionDate "2019.02.26"]
[SourceQuality "1"]
[WhiteTeam "Stetten"]
[BlackTeam "Gernsbach"]
[WhiteTeamCountry "GER"]
[BlackTeamCountry "GER"]

1. d4 d5 2. c4 e6 3. Nc3 c5 4. cxd5 exd5 5. Nf3 Nf6 6. Bg5 Be6 7. e3 Nbd7 8. Bd3 Be7 9. 0-0 0-0 10. Rc1 Bg4 11. h3 Bh5 12. g4 Bg6 13. Bxg6 fxg6 14. dxc5 Nxc5 15. Bxf6 Rxf6 16. Nxd5 Rf8 17. Nxe7+ Qxe7 18. Qd5+ Ne6 19. Nd4 Rf6 20. g5 Re8 21. gxf6 Qxf6 22. Nxe6 Rxe6 23. Rc8+ Kf7 24. Qxb7+ Re7 25. Qd5+ Re6 26. Rc6 1-0